| 000 | 00732nam a22002057a 4500 | ||
|---|---|---|---|
| 005 | 20210325180553.0 | ||
| 008 | s2544 th tha d | ||
| 020 | _a9747378051 | ||
| 041 | _atha | ||
| 050 | _aDS578.32 อ819ค 2544 | ||
| 245 | 1 | 0 | _aความในใจ อุทัย พิมพ์ใจชน |
| 260 | 3 |
_aกรุงเทพฯ : _bทิปปิ้ง พอยท์, _c2544 |
|
| 300 |
_a138 หน้า : _b ภาพประกอบ ; _c 21 ซม. |
||
| 650 | 0 | 4 | _aอุทัย พิมพ์ใจชน -- ผลงาน |
| 650 | 0 | 4 | _aอุทัย พิมพ์ใจชน, 2481-- |
| 850 | _aNALT | ||
| 942 | _cGB | ||
| 997 | _c000000000009634 | ||
| 998 | _aPRATHANA | ||
| 999 |
_c9634 _d9634 |
||